|
|
|
|
| LEADER |
00749nam a2200217Ia 4500 |
| 001 |
CTU_182855 |
| 008 |
210402s9999 xx 000 0 und d |
| 020 |
|
|
|c 148000
|
| 082 |
|
|
|a 428.24
|
| 082 |
|
|
|b C898/LS.3
|
| 100 |
|
|
|a Craven, Miles
|
| 245 |
|
0 |
|a Q skills for success 3:
|
| 245 |
|
0 |
|b Listening and speaking
|
| 245 |
|
0 |
|c Miles Craven, Kristin D. Sherman; Series consultants : Marguerite Ann Snow, Lawrence J. Zwier; Vocabulary consultant: Cheryl Boyd Zimmerman
|
| 260 |
|
|
|a Oxford,New York
|
| 260 |
|
|
|b Oxford Univ Press
|
| 260 |
|
|
|c 2011
|
| 650 |
|
|
|a English language,Listening,Nghe nói tiếng Anh
|
| 650 |
|
|
|x Textbooks for foreign speakers
|
| 910 |
|
|
|a Nguyên
|
| 980 |
|
|
|a Trung tâm Học liệu Trường Đại học Cần Thơ
|